<?xml version="1.0" encoding="UTF-8"?><?xml-stylesheet type="text/xsl" href="static/style.xsl"?><OAI-PMH xmlns="http://www.openarchives.org/OAI/2.0/" xmlns:xsi="http://www.w3.org/2001/XMLSchema-instance" xsi:schemaLocation="http://www.openarchives.org/OAI/2.0/ http://www.openarchives.org/OAI/2.0/OAI-PMH.xsd"><responseDate>2026-04-14T03:36:27Z</responseDate><request verb="GetRecord" identifier="oai:www.recercat.cat:20.500.12327/3153" metadataPrefix="marc">https://recercat.cat/oai/request</request><GetRecord><record><header><identifier>oai:recercat.cat:20.500.12327/3153</identifier><datestamp>2025-10-22T11:07:27Z</datestamp><setSpec>com_2072_4428</setSpec><setSpec>com_2072_4427</setSpec><setSpec>col_2072_487898</setSpec></header><metadata><record xmlns="http://www.loc.gov/MARC21/slim" xmlns:dcterms="http://purl.org/dc/terms/" xmlns:xsi="http://www.w3.org/2001/XMLSchema-instance" xmlns:doc="http://www.lyncode.com/xoai" xsi:schemaLocation="http://www.loc.gov/MARC21/slim http://www.loc.gov/standards/marcxml/schema/MARC21slim.xsd">
   <leader>00925njm 22002777a 4500</leader>
   <datafield ind2=" " ind1=" " tag="042">
      <subfield code="a">dc</subfield>
   </datafield>
   <datafield ind2=" " ind1=" " tag="720">
      <subfield code="a">Ezenarro, Jokin</subfield>
      <subfield code="e">author</subfield>
   </datafield>
   <datafield ind2=" " ind1=" " tag="720">
      <subfield code="a">Schorn-García, Daniel</subfield>
      <subfield code="e">author</subfield>
   </datafield>
   <datafield ind2=" " ind1=" " tag="720">
      <subfield code="a">Palou, Anna</subfield>
      <subfield code="e">author</subfield>
   </datafield>
   <datafield ind2=" " ind1=" " tag="720">
      <subfield code="a">Mestres, Montserrat</subfield>
      <subfield code="e">author</subfield>
   </datafield>
   <datafield ind2=" " ind1=" " tag="720">
      <subfield code="a">Aceña, Laura</subfield>
      <subfield code="e">author</subfield>
   </datafield>
   <datafield ind2=" " ind1=" " tag="720">
      <subfield code="a">Abadias, Maribel</subfield>
      <subfield code="e">author</subfield>
   </datafield>
   <datafield ind2=" " ind1=" " tag="720">
      <subfield code="a">Aguiló, Ingrid</subfield>
      <subfield code="e">author</subfield>
   </datafield>
   <datafield ind2=" " ind1=" " tag="720">
      <subfield code="a">Busto, Olga</subfield>
      <subfield code="e">author</subfield>
   </datafield>
   <datafield ind2=" " ind1=" " tag="720">
      <subfield code="a">Boqué, Ricard</subfield>
      <subfield code="e">author</subfield>
   </datafield>
   <datafield ind2=" " ind1=" " tag="260">
      <subfield code="c">2024-06-09</subfield>
   </datafield>
   <datafield ind2=" " ind1=" " tag="520">
      <subfield code="a">Nectarines, a popular pit fruit closely related to peaches, are renowned for their nutritional value and associated health benefits. However, challenges arise in maintaining optimal organoleptic properties during harvest and handling, eventually leading to production waste and heterogeneous quality in the fruit that arrives to the consumer. This study investigates the impact of nectarine position on trees during the whole ripening process using non-destructive near-infrared (NIR) spectroscopy. Nectarines exposed to more sunlight mature faster and this influences sugar content and acidity, emphasising the significance of considering height, prominence and orientation in ripening dynamics of the fruit. Different data unfolding strategies were compared, using ANOVA-Simultaneous Component Analysis (ASCA) to reveal the significance of in-tree position factors at different ripening stages, and observing high significance at harvest. This underscores the necessity for growers and handlers to consider these factors for reducing waste. NIR spectroscopy, with adequate data analysis, is a valuable tool for the holistic analysis of fruit ripening, providing crucial insights for maintaining optimal fruit organoleptic properties from harvest to consumer.</subfield>
   </datafield>
   <datafield ind1="8" ind2=" " tag="024">
      <subfield code="a">Ezenarro, Jokin, Daniel Schorn‐García, Anna Palou, Montserrat Mestres, Laura Aceña, Maribel Abadias, Ingrid Aguiló‐Aguayo, Olga Busto, and Ricard Boqué. 2024. “Characterisation of Position‐Dependant Ripening Dynamics of Nectarines Using Near‐Infrared Spectroscopy and ASCA.” Journal of Chemometrics, June, https://doi.org/10.1002/cem.3576.</subfield>
   </datafield>
   <datafield ind1="8" ind2=" " tag="024">
      <subfield code="a">0886-9383</subfield>
   </datafield>
   <datafield ind1="8" ind2=" " tag="024">
      <subfield code="a">http://hdl.handle.net/20.500.12327/3153</subfield>
   </datafield>
   <datafield ind1="8" ind2=" " tag="024">
      <subfield code="a">https://doi.org/10.1002/cem.3576</subfield>
   </datafield>
   <datafield ind2="0" ind1="0" tag="245">
      <subfield code="a">Characterisation of Position-Dependant Ripening Dynamics of Nectarines Using Near-Infrared Spectroscopy and ASCA</subfield>
   </datafield>
</record></metadata></record></GetRecord></OAI-PMH>